15 najbardziej dotkniętych krajów Covid-19 - 14 maja - Statystyki

Ogólne statystyki
  • Ten quiz został rozwiązany 56 razy
  • Średni wynik to 12 z 24
Statystyki odpowiedzi
kraj % Poprawnych
Stany Zjednoczone
96%
Niemcy
92%
Chiny
90%
Włochy
84%
Rosja
80%
Hiszpania
76%
Francja
73%
Wielka Brytania
71%
Brazylia
69%
Kanada
59%
Indie
53%
Turcja
53%
Szwecja
43%
Portugalia
41%
Iran
39%
Belgia
35%
Białoruś
33%
Szwajcaria
25%
Peru
22%
Irlandia
20%
Katar
10%
Bahrajn
8%
Singapur
6%
Kuwejt
4%
Nie znaleziono quizów pasujących do podanych kryteriów
Rozkład punktacji
Procent ludzi z każdym wynikiem
Percentyl według liczby udzielonych odpowiedzi
Twoja historia wyników
Nie rozwiązałeś tego quizu